000 00553nam a2200169 4500
001 136852
003 ES-MaACL
005 20231230063003.0
007 t|
008 070214s1940 sp r ||||1| spa d
100 1 _aSainz de Robles, Federico Carlos,
_d1898-1982
_9101593
245 1 0 _aPor qué Madrid es capital de España
_b: (tema de interpretación histórica) /
_cFederico Carlos Sainz de Robles.
260 _aMadrid :
_bAguilar,
_c1940.
300 _a224 p. :
_bil. ;
_c15 cm.
852 _aES-MaACL
_jF-14750
_bR.19033
999 _c136852
_d136852